Europäischer Materialfluss Markt 1994

Gespeichert in:
Bibliographische Detailangaben
Format: Buch
Sprache:Deutsch
Veröffentlicht: Landsberg Moderne Industrie [1994]
Ausgabe:1. Aufl.
Schlagworte:
Tags: Tag hinzufügen
Keine Tags, Fügen Sie das erste Tag hinzu!

MARC

LEADER 00000nam a2200000 4500
001 c004724
005 20221205140500.8
041 0 |a ger 
044 |a DE 
245 1 0 |a Europäischer Materialfluss Markt 1994 
250 |a 1. Aufl. 
264 1 |a Landsberg  |b Moderne Industrie  |c [1994] 
300 |a 130 s.  |e príl. 
610 2 0 |a tok materiálu 
610 2 0 |a Európa 
610 2 0 |a 1994 
610 2 0 |a trh 
610 2 0 |a Nemecko 
610 2 0 |a USA 
610 2 0 |a Veľká Británia 
610 2 0 |a Francúzsko 
610 2 0 |a Švajčiarsko 
610 2 0 |a hospodárstvo trhové 
610 2 0 |a skladovanie 
610 2 0 |a preprava 
610 2 0 |a sklady 
610 2 0 |a hospodárstvo skladové 
610 2 0 |a balenie 
610 2 0 |a obaly 
610 2 0 |a technika obalová 
610 2 0 |a paletizácia 
610 2 0 |a palety 
610 2 0 |a tovar 
610 2 0 |a informácie 
610 2 0 |a logistika